Breve introducción a la historia de la escultura en cerámica en México = Brief Introduction to the History of the Sculpture in Ceramic in Mexico = Brève introduction à L´Histoire de la Sculpture en Céramique au Mexique (Record no. 35)

MARC details
000 -CABECERA
campo de control de longitud fija 01144nam a2200253 a 4500
001 - NÚMERO DE CONTROL
campo de control BRCA_35
005 - FECHA Y HORA DE LA ÚLTIMA TRANSACCIÓN
campo de control 20190320202844.0
008 - DATOS DE LONGITUD FIJA--INFORMACIÓN GENERAL
campo de control de longitud fija 921019s2010####mx-a#####f---#000-0#spa-#
020 ## - NÚMERO INTERNACIONAL ESTÁNDAR DEL LIBRO
Número Internacional Estándar del Libro 9687871806
041 ## - CÓDIGO DE LENGUA
Código de lengua del texto/banda sonora o título independiente spaengfre
044 ## - CÓDIGO DEL PAÍS DE LA ENTIDAD EDITORA/PRODUCTORA
Código MARC del país mx
050 #4 - SIGNATURA TOPOGRÁFICA DE LA BIBLIOTECA DEL CONGRESO
Número de clasificación NK4031
Número de documento/Ítem .G85 2010
100 1# - ENTRADA PRINCIPAL--NOMBRE DE PERSONA
Nombre de persona Guillermo, Rosario
Fechas asociadas al nombre 1950-
9 (RLIN) 165
245 10 - MENCIÓN DE TÍTULO
Título Breve introducción a la historia de la escultura en cerámica en México = Brief Introduction to the History of the Sculpture in Ceramic in Mexico = Brève introduction à L´Histoire de la Sculpture en Céramique au Mexique
Mención de responsabilidad, etc. Rosario Guillermo.
260 ## - PUBLICACIÓN, DISTRIBUCIÓN, ETC.
Lugar de publicación, distribución, etc. México
Nombre del editor, distribuidor, etc. Instituto de Cultura de Yucatán : CONACULTA
Fecha de publicación, distribución, etc. 2010
300 ## - DESCRIPCIÓN FÍSICA
Extensión 65 p.
Otras características físicas il. a color
Dimensiones 26 cm.
500 ## - NOTA GENERAL
Nota general Presenta paginación irregular con hojas repetidas (p. 59-65) y faltantes (p. 19-28)
504 ## - NOTA DE BIBLIOGRAFÍA, ETC.
Nota de bibliografía, etc. Bibliografía: p. 65
546 ## - NOTA DE LENGUA/LENGUAJE
Nota de lengua/lenguaje Texto en: español, inglés y francés
650 14 - PUNTO DE ACCESO ADICIONAL DE MATERIA--TÉRMINO DE MATERIA
Término de materia o nombre geográfico como elemento de entrada Escultura en cerámica
Subdivisión general Historia
Subdivisión geográfica México
9 (RLIN) 166
740 0# - PUNTO DE ACCESO ADICIONAL--TÍTULO RELACIONADO O ANALÍTICO NO CONTROLADO
Título relacionado o analítico no controlado Brief Introduction to the History of the Sculpture in Ceramic in Mexico
740 0# - PUNTO DE ACCESO ADICIONAL--TÍTULO RELACIONADO O ANALÍTICO NO CONTROLADO
Título relacionado o analítico no controlado Brève introduction à L´Historie de la Sculpture en Céramique au Mexique
942 ## - ELEMENTOS DE PUNTO DE ACCESO ADICIONAL (KOHA)
Fuente del sistema de clasificación o colocación Library of Congress Classification
Tipo de ítem Koha Libros
Holdings
Estado de retiro Estado de pérdida Estado dañado No para préstamo Localización permanente Ubicación/localización actual Fecha de adquisición Total de préstamos Signatura topográfica completa Código de barras Fecha visto por última vez Precio válido a partir de Tipo de ítem Koha
Activo (en colección)       Biblioteca del Museo Franz Mayer (Rogerio Casas-Alatriste) Biblioteca del Museo Franz Mayer (Rogerio Casas-Alatriste) 25/06/2008   NK4031 .G85 2010 02480 22/03/2019 22/03/2019 Libros